La sangre : (Registro nro. 7521)

Detalles MARC
000 -LIDER
fixed length control field 00971nam a2200289 a 4500
001 - NÚMERO DE CONTROL
Identificador de número de control 000011960
003 - IDENTIFICACDOR DE NÚMERO DE CONTROL
control field DO-SdBNP
005 - DATE AND TIME OF LATEST TRANSACTION
control field 20180322143959.0
007 - CAMPOS FIJOS DE DESCRIPCIÓN FÍSICA
fixed length control field 000011960
008 - ELEMENTOS DE LONGITUD FIJA
fixed length control field 091102s1994 dr 000 f spa d
040 ## - FUENTE DE CATALOGACIÓN
Agencia que crea de manera original el registro BPMSU
Idioma de catalogación spa
Agencia que realiza la transcripción BPMSU
092 ## - LOCALLY ASSIGNED DEWEY DECIMAL CALL NUMBER
Número de clasificación RD863.4
Número de ítem (Cutter) C422s, 1994
100 1# - ASIENTO PRINCIPAL -- NOMBRE PERSONAL
Nombre personal Cestero, Tulio Manuel,
Fechas asociadas con el nombre 1877-1955
245 13 - MENCIÓN DE TITULO
Título La sangre :
Subtítulo una vida bajo la tiranía /
Mención de responsabilidad Tulio Manuel Cestero ; prólogo León David
260 ## - PUBLICACIÓN, DISTRIBUCIÓN, ETC. (PIE DE IMPRENTA)
Lugar de publicación, distribución, etc Santo Domingo :
Nombre del editor, distribuidor, etc. Plan Decenal de Educación
Fecha de publicación, distribución, etc 1994
300 ## - DESCRIPCIÓN FÍSICA
Extensión 244 p. ;
Dimensiones 21 cm.
490 1# - MENCIÓN DE SERIES
Mención de serie Biblioteca dominicana básica,3
650 #4 - ENCABEZAMIENTO DE MATERIA--TEMÁTICO
Término temático o nombre geográfico como elemento de entrada NOVELA DOMINICANA
650 #4 - ENCABEZAMIENTO DE MATERIA--TEMÁTICO
Término temático o nombre geográfico como elemento de entrada LITERATURA DOMINICANA
700 1# - ASIENTO SECUNDARIO -- NOMBRE PERSONAL
Nombre personal David, León
Mención de responsabilidad pról.
710 ## - ASIENTO SECUNDARIO -- NOMBRE CORPORATIVO
Término de relación Secretaría de Estado de Educación (República Dominicana)
830 #0 - ASIENTO SECUNDARIO DE SERIE--TÍTULO UNIFORME
Título uniforme Biblioteca dominicana básica
Nombre de la parte o sección de una obra 3
910 ## - VALIDACIÓN
Validación Validado. Control de calidad BNPHU
942 ## - ADDED ENTRY ELEMENTS (KOHA)
Source of classification or shelving scheme Dewey Decimal Classification
Koha item type Libros
945 ## - INFORMACIÓN DE PROCESAMIENTO LOCAL
Información de procesamiento local Inventariado / 2018 VM
956 ## - LOCAL ELECTRONIC LOCATION AND ACCESS (OCLC)
Nombre de host VMATEO
Número de acceso 10
Información de compresión 20150226
Inicio de sesión BPMSU
Procesador de solicitud 00151
Existencias
Withdrawn status Lost status Source of classification or shelving scheme Damaged status Not for loan Collection code Home library Current library Date acquired Total Checkouts Full call number Barcode Date last seen Price effective from Koha item type Copy number
    Dewey Decimal Classification     Colección Dominicana Biblioteca Pública Metropolitana Salomé Ureña Biblioteca Pública Metropolitana Salomé Ureña 02/26/2015   RD863.4 C422s 1994 BPMSU15040203 02/26/2015 02/26/2015 Libros  
    Dewey Decimal Classification     Colección Dominicana Biblioteca Pública Metropolitana Salomé Ureña Biblioteca Pública Metropolitana Salomé Ureña 02/26/2015   RD863.4 C422s 1994 BPMSU15040204 02/26/2015 02/26/2015 Libros e. 2
    Dewey Decimal Classification     Colección Dominicana Biblioteca Pública Metropolitana Salomé Ureña Biblioteca Pública Metropolitana Salomé Ureña 04/29/2015   RD863.4 C422s 1994 BPMSU15041456 04/29/2015 04/29/2015 Libros e. 3